| 000 | 00995nam a22003137a 4500 | ||
|---|---|---|---|
| 003 | CHAP | ||
| 005 | 20220329140832.0 | ||
| 008 | 971013s1980 r 00010 d | ||
| 010 | _a58361 | ||
| 011 | _a59333 | ||
| 035 | _a63491 | ||
| 040 | _cCHAP | ||
| 082 |
_a510.9 _bS8Y 1967 |
||
| 100 | 0 | 0 |
_aStruik, Dirk Jan. _9110026 |
| 245 | _aHistoria concisa de las matemáticas | ||
| 260 |
_aMéxico : _bInstituto Politécnico Nacional, _c1980 |
||
| 300 |
_a278 p. _b: ilus. |
||
| 490 | _aCiencia y técnica | ||
| 500 | _aTrad. de la 3 ed. en inglés de 1967. | ||
| 590 |
_aBATCH-UPD _b10 _c20130110 _lUCH01 _h0811 |
||
| 590 |
_aBATCH-UPD _b10 _c20130410 _lUCH01 _h0448 |
||
| 590 |
_aBATCH-UPD _b10 _c20130914 _lUCH01 _h0934 |
||
| 590 |
_aCONVERSION _b10 _c20130109 _lUCH01 _h1331 |
||
| 650 | 1 | 4 |
_aMatemáticas _xHistoria. _972907 |
| 830 | 0 |
_aCiencia y técnica _923164 |
|
| 901 | _aBK | ||
| 942 | _cLIBRO | ||
| 949 |
_a510.9 S8Y 1967 _bBC _cLIBRO _d33724000889812 _eLIBRO _gI.c/e _h65019 _i63491 _si _t480.00 |
||
| 999 |
_c58361 _d58361 |
||